000 00771nam a2200229Ia 4500
001 9699
003 GE_BSU
008 181216s||||||||xx |||||||||||||| ||und||
040 _cGE_BSU
080 _a821.353.1.09+821.353.1-4
100 _aნატროშვილი,გიორგი
245 _aთხზულებანი ორ ტომად. ტ.2
245 _bტ.2:ნარკვევები
245 _cრედ:ლ.თურმანიძე;მხატვ:.დ.დუნდუა
260 _aთბილისი.
260 _bმერანი.
260 _c1976.
300 _a549გვ;21სმ.
653 _aთხზულებანი ორ ტომად
653 _aნარკვევები
942 _cBK
999 _c42982
_d42982